00495 2200193 4500001002100000005001500021035002000036008004100056245006500097100002600162250000600188260003600194300001100230084001400241082000800255650001400263990001200277990001200289INLIS00000000000040720240430015719 a0010-0424000383240430 0 ind 1 aSelayang Pandang Nusa Tenggara Timur /cGandes Cukat Permaty aCukat Permaty, Gandes a1 aKlaten :bIntan Pariwara,c2008 a60 hlm a900 GAN s a900 4aNon Fiksi a0728653 a0728654